Boj o úspěch v podnikání
Umenie strategického manažmentu sa dnes prejavuje na štyroch trhoch. Trh výrobkov a služieb ako tradičné pole pôsobnosti podnikateľských zámerov a stratégií. Kapitálový trh. Trh myšlienok a know how ako zvláštny zdroj komparatívnych konkurenčných výhod. Trh talentov.
Salvato in:
| Natura: | Capitolo di libro |
|---|---|
| Lingua: | ceco |
| Soggetti: | |
| Tags: |
Nessun Tag, puoi essere il primo ad aggiungerne!!
|
MARC
| LEADER | 00000naa a2200000 4500 | ||
|---|---|---|---|
| 001 | r040180 | ||
| 005 | 20231002100918.3 | ||
| 041 | 0 | |a cze | |
| 044 | |a CZ | ||
| 245 | 1 | 0 | |a Boj o úspěch v podnikání |
| 520 | |a Umenie strategického manažmentu sa dnes prejavuje na štyroch trhoch. Trh výrobkov a služieb ako tradičné pole pôsobnosti podnikateľských zámerov a stratégií. Kapitálový trh. Trh myšlienok a know how ako zvláštny zdroj komparatívnych konkurenčných výhod. Trh talentov. | ||
| 610 | 2 | 0 | |a manažment strategický |
| 610 | 2 | 0 | |a podnikanie |
| 610 | 2 | 0 | |a zámery podnikateľské |
| 610 | 2 | 0 | |a trh kapitálový |
| 610 | 2 | 0 | |a trh kupujúceho |
| 610 | 2 | 0 | |a know-how |
| 610 | 2 | 0 | |a konkurencia |